| 000 | 01389cam a22003974i 4500 | ||
|---|---|---|---|
| 003 | PE-LiUPU | ||
| 005 | 20250731184511.0 | ||
| 008 | 160922s r 000 0 spa d | ||
| 035 | _a(Sirsi) a163708 | ||
| 049 | _aPRUA | ||
| 082 | 0 | 4 |
_a985 _bA43 |
| 100 | 1 |
_aAljovín de Losada, Cristóbal, _eautor. |
|
| 245 |
_aVisión del Perú : _bHistoria y perspectivas / _cCristóbla Aljovín de Losada. |
||
| 264 |
_aLima : _bAGENDA, _c1999. |
||
| 300 |
_a101 páginas ; _c21 centímetros. |
||
| 336 |
_text _2rdacontent |
||
| 337 |
_unmediated _2rdamedia |
||
| 338 |
_volume _2rdacarrier |
||
| 505 | 0 | _aIntroducción -- Historia de los futuros deseados en el Perú -- El Perú soñado : un país de todos y para todos -- El Perú en el contexto internacional -- Un marco para decisiones estratégicas -- reformas institucionales -- Cultura e identidad en el Perú. | |
| 526 | _aP136 | ||
| 526 | _aP135 | ||
| 526 | _aP134 | ||
| 526 | _aP133 | ||
| 526 | _aP144 | ||
| 526 | _aP143 | ||
| 526 | _aP87 | ||
| 526 | _aP35 | ||
| 526 | _aP20 | ||
| 526 | _aP14 | ||
| 526 | _aP10 | ||
| 526 | _aP06 | ||
| 596 | _a1 | ||
| 942 |
_2ddc _cBOOK |
||
| 999 |
_a985 A43 _wDEWEY _c12571 _i74513 _f2021-11-9 _g5 _lCCODEBUL1 _mBUL _r0 _sY _tBOOK _u2016-9-22 _xEDUCACION _zUNKNOWN _0COMPRA _o.PUBLIC. _o.STAFF. Colección FACIHED _d12571 |
||
| 980 |
_81 _gALBERTO SANCHEZ Responsable de Automatización |
||